000 01365cam a2200157 4500500
005 20260208010048.0
041 _afre
042 _adc
100 1 0 _aLe Feuvre-Vivier, Anne
_eauthor
245 0 0 _aLes passantes et le célibataire
260 _c2011.
500 _a47
520 _aAprès le succès de Crispin rival de son maître (1707), Lesage propose en 1708 une nouvelle pièce en un acte aux Comédiens-Français, La Tontine. Cette dernière ne sera pourtant jouée qu’en 1732 puis publiée dans le Recueil des pièces mises au théâtre français (1739). Cet article étudie l’évolution de la petite comédie à partir d’un manuscrit inédit et autographe qui rend compte de la version de la pièce en 1708, puis l’adaptation du texte pour le Théâtre de la Foire en 1714 sous le titre Arlequin colonel, enfin son remaniement pour la publication dans le recueil de 1739. Ces différents états du texte permettent d’approcher au plus près le travail de l’écrivain mais aussi de mettre en lumière une conception de la comédie qui devient, au fil des réécritures, de plus en plus « noire ».
786 0 _nRevue d'histoire littéraire de la France | 111 | 4 | 2011-12-12 | p. 905-921 | 0035-2411
856 4 1 _uhttps://shs.cairn.info/revue-d-histoire-litteraire-de-la-france-2011-4-page-905?lang=fr&redirect-ssocas=7080
999 _c1655006
_d1655006